Univerzitné pastoračné centrum, Bratislava

Saved in:
Bibliographic Details
Main Author: Urban, Adam (Author)
Other Authors: Bacová, Andrea (Thesis advisor)
Format: Manuscript Book
Language:Slovak
Published: 2025
Subjects:
Online Access:http://is.stuba.sk/zp/portal_zp.pl?podrobnosti=168445
Tags: Add Tag
No Tags, Be the first to tag this record!

MARC

LEADER 00000ntm a22000003a 4500
001 stuzp105070
003 SK-STU
005 20250614213607.0
007 ta
008 150427s2015----xo-----f-mn---000-0-slo-d
040 |a STU  |b slo 
041 0 |a slo 
100 1 |a Urban, Adam  |u 051110  |4 aut  |U FAD Fakulta architektúry a dizajnu  |T FAD Ústav architektúry obytných budov  |X 115763  |U A1110  |Y 392  |7 115763 
242 0 1 |a University pastoral center, Bratislava  |y eng 
245 1 0 |a Univerzitné pastoračné centrum, Bratislava 
260 |c 2025 
650 4 |a students  |2 eng 
650 4 |a community spaces  |2 eng 
650 4 |a hillside integration  |2 eng 
650 4 |a desire paths  |2 eng 
650 4 |a University Pastoral Center  |2 eng 
650 4 |a integrácia do svahu  |2 slo 
650 4 |a študenti  |2 slo 
650 4 |a komunitné priestory  |2 slo 
650 4 |a Univerzitné pastoračné centrum  |2 slo 
650 4 |a vyšliapané cestičky  |2 slo 
700 1 |a Bacová, Andrea  |u 051110  |k Z1  |4 ths  |U FAD Fakulta architektúry a dizajnu  |T FAD Ústav architektúry obytných budov  |X 354  |U A1110  |Y 392  |7 A000000354 
856 4 |u http://is.stuba.sk/zp/portal_zp.pl?podrobnosti=168445